Guía de orientación N° 2 : (Registro nro. 21594)
[ vista simple ]
| 000 -Cabecera | |
|---|---|
| Campo de control interno | 00859nam a2200253Ia 4500 |
| 005 - Fecha y hora del registro | |
| control field | 20260320112528.0 |
| 008 - Elementos de Longitud Fija | |
| fixed length control field | 260320s9999||||xx |||||||||||||| ||und|| |
| 041 ## - Idioma | |
| Codigo Idioma | ESP |
| 082 ## - DEWEY y NOTACIÓN INTERNA | |
| Dewey | 332.6 |
| Notación Interna | M61 |
| 100 ## - AUTOR | |
| Autor denominación | |
| Término de relación | |
| 110 ## - AUTOR INSTTITUCIONAL | |
| Autor Institucional | Ministerio de Economía y Finanzas |
| 245 #0 - TÍTULO DE MATERIAL BIBLIOGRÁFICO | |
| Título | Guía de orientación N° 2 : |
| Título paralelo | identificación, formulación y evaluación de proyectos de inversión pública a nivel de perfil |
| 246 ## - TÍTULO TRADUCIDO | |
| Título | |
| Título paralelo | |
| Autor | |
| 260 ## - CIUDAD, EDITORIAL, AÑO | |
| Ciudad | Lima : |
| Nombre de la Editorial | Ministerio de Economía y Finanzas |
| Año | 2008 |
| 300 ## - DESCRIPCIÓN | |
| N° Páginas | 87 páginas : |
| Otros detalles | ilustraciones, gráficos ; |
| Dimensiones | 30 cm. |
| Material Adicional | |
| 440 ## - MENCIÓN DE SERIE | |
| Título de la Serie | |
| Número de Serie | |
| Volumen de Serie | |
| 650 ## - TEMAS | |
| Temas | Ciencias Sociales |
| 653 ## - DESCRIPTORES | |
| Lenguajes no controlado | Proyectos de inversión pública |
| 654 ## - PROGRAMAS | |
| Programa | Dpto. de Humanidades |
| 700 ## - OTROS AUTORES | |
| Otros autores | |
| Títulos y otras palabras asociadas con el nombre | |
| 856 ## - URL - UBICACIÓN | |
| URI/URL: Enlace exacto del recurso | <a href="https://ebooks7-24-com.ucsp.lookproxy.com/stage.aspx?il=&pg=&ed=">https://ebooks7-24-com.ucsp.lookproxy.com/stage.aspx?il=&pg=&ed=</a> |
| Nota pública: Versión digital | <a href="Véase además: Base de datos Ebook7-24">Véase además: Base de datos Ebook7-24</a> |
| 942 ## - ELEMENTOS DE KOHA | |
| Tipo de documento | Libro |
| Nombre del creador | Justo Noguera |
| Código de catalogador | Mirtha Ponce |
| Esquema de clasificación | Dewey Decimal Classification |
| Suppress in OPAC | |
| Codigo completo | Registro | Colección | Copia número | Disponibilidad | Tipo de préstamo | Biblioteca Actual | Procedencia (Biblioteca) | Ubicacón | Fecha Ingreso | Tipo de Adquisición | Observación | Date last seen | Total checkouts | Price effective from | Tipo de Item | Estado del Material | Fuente de Clasificación | Damaged status | Withdrawn status |
|---|---|---|---|---|---|---|---|---|---|---|---|---|---|---|---|---|---|---|---|
| 332.6 M61 | 1084840 | Universidad Católica San Pablo | 1 | Disponible | Disponible | Víctor Andrés Belaunde | Víctor Andrés Belaunde | Planta baja cerrada | 10/03/2026 | Compra | Administración de Negocios | 20/03/2026 | 20/03/2026 | Libro | Bueno | Dewey Decimal Classification |




